Evaluación de la calidad de las proteínas : informe de una Consulta de expertos FAO/OMS : Bethesda, Maryland, Estados Unidos, 4-8 de diciembre de 1989 /

Informe de una consulta de expertos sobre evaluación de la calidad de las proteínas, celebrada en 1989 y convocada por la FAO y la OMS a raíz de una recomendación que formuló ese mismo año el Comité del Codex Alimentarius sobre Proteínas Vegetales (CCVP). Los objetivos de la reunión fueron examinar...

وصف كامل

محفوظ في:
التفاصيل البيبلوغرافية
مؤلفون مشاركون: Reunión Consultiva Conjunta FAO/OMS sobre Evaluación de la Calidad de las Proteínas ( Bethesda, EUA), FAO, OMS
التنسيق: وقائع المؤتمر كتاب
اللغة:الإسبانية
منشور في: Roma, Italia : FAO, 1992, c1992
سلاسل:(Estudio FAO: Alimentación y Nutrición ; 51)
الموضوعات:
الوسوم: إضافة وسم
لا توجد وسوم, كن أول من يضع وسما على هذه التسجيلة!

MARC

LEADER 00000nam^a2200000^a^4500
001 000183450
005 20250521000000.0
009 20260310102041.321
020 |a 92-5-303097-6 
037 |a Acervo ITESO - Biblioteca 
041 |a ESP 
082 |a 664. 07  |b EVA 1989 
111 |a Reunión Consultiva Conjunta FAO/OMS sobre Evaluación de la Calidad de las Proteínas (  |d 1989 :  |c Bethesda, EUA) 
245 1 0 |a Evaluación de la calidad de las proteínas :  |b informe de una Consulta de expertos FAO/OMS : Bethesda, Maryland, Estados Unidos, 4-8 de diciembre de 1989 /  |c Reunión Consultiva Conjunta FAO/OMS sobre Evaluación de la Calidad de las Proteínas ; FAO, OMS. 
264 4 |a Roma, Italia :  |b FAO,  |c 1992, c1992 
300 |a II, 65 p. 
336 |a texto  |b txt  |2 rdacontenido 
337 |a sin mediación  |b n  |2 rdamedio 
338 |a volumen  |b nc  |2 rdasoporte 
440 1 |a (Estudio FAO: Alimentación y Nutrición ;  |v 51) 
520 |a Informe de una consulta de expertos sobre evaluación de la calidad de las proteínas, celebrada en 1989 y convocada por la FAO y la OMS a raíz de una recomendación que formuló ese mismo año el Comité del Codex Alimentarius sobre Proteínas Vegetales (CCVP). Los objetivos de la reunión fueron examinar el estado del conocimiento sobre la evaluación cualitativa de proteínas vegetales, discutir algunas de las técnicas empleadas para dicha evaluación y evaluar específicamente el método recomendado por el CCVP, identificado como cómputo de aminoácidos corregido en función de la digestibilidad. 
649 |a XX 
650 |a Tecnología de Alimentos -  |x Congresos 
650 |a Alimentos y Bebidas -  |x Congresos 
650 |a Alimentos y Bebidas -  |x Composición 
650 |a Química de Alimentos 
650 |a Tecnología de Alimentos 
650 |a Control de Calidad 
650 |a Aminoácidos 
650 |a Proteínas 
650 |a Química Orgánica 
650 |a Digestión 
650 |a Bioquímica 
650 |a Bioquímica 
650 |a Ingeniería Química 
710 |a FAO 
710 |a OMS 
910 |a Fondo General 
920 |a Impresos - Libros 
930 |a Colección General 
905 |a 101 
901 |a 0500123618  |b IT1  |c ACC  |u 20250521 
902 |a https://opac.biblio.iteso.mx/vufind/Record/000183450